000
00301nam a2200109Ia 4500
008
200302s9999 xx 000 0 und d
100
_a
Sumet Jumsai
245
_a
Naga Cultural Origins in Siam and the West Pacific Sumet Jumsai
260
_b
Bangkok Chalermnit Press
260
_c
1997
300
_a
183 P.,
999
_c
2404
_d
2404